banner-ar

العرب الى اين / (Record no. 66132)

MARC details
000 -الفاتح
حقل البيانات ثابتة الطول 00892nam a2200253Ia 4500
005 - وقت وتاريخ اخر تعامل مع التسجيلة
رقم الضبط 20240530110901.0
008 - عناصر البيانات ثابتة الطول - معلومات عامة
حقل البيانات ثابتة الطول 140319s9999 xx 000 0 ara d
020 ## - الرقم الدولى المعيارى للكتب
الرقم الدولى المعيارى للكتاب 9953431051
040 ## - مصدر الفهرسة
وكالة الفهرسة الأصلية GCL /
وكالة النسخ GCL
082 04 - رقم تصنيف ديوى العشرى
رقم التصنيف 320.956
رقم المادة م ع
110 0# - المدخل الرئيسى - إسم هيئة
رمز الرابط مركز دراسات الوحدة العربية
245 12 - بيان العنوان
العنوان العرب الى اين /
بيان المسئوليه,etc مركز دراسات الوحدة العربية
250 ## - بيان الطبعة
بيان الطبعة ط1
260 ## - PUBLICATION, DISTRIBUTION, ETC. (IMPRINT)
تاريخ النشر أو التوزيع 2002
300 ## - الوصف المادى
التعداد 528 ص؛
أبعاد الوعاء 24 سم
490 0# - بيان السلسلة
عنوان السلسلة سلسلة كتب مستقبل العربى ؛
رقم المجلد/ التعيين التسلسلي 21
650 04 - المدخل الاضافى بالموضوع-مصطلح موضوعى
مصطلح موضوعي النزاع العربى الاسرائيلى
650 04 - المدخل الاضافى بالموضوع-مصطلح موضوعى
مصطلح موضوعي حرب الخليج
650 04 - المدخل الاضافى بالموضوع-مصطلح موضوعى
مصطلح موضوعي العالم العربى - الاحوال السياسية
700 0# - المدخل الاضافى - اسم شخصى
الإسم الشخصى اسامة الخولى
700 0# - المدخل الاضافى - اسم شخصى
الإسم الشخصى سعد غالب يايسن
942 ## - عناصر المدخل الإضافي( كوها)
مصدر التصنيف او مخطط الترفيف Dewey Decimal Classification
Koha [default] item type كتاب
260 ## - PUBLICATION, DISTRIBUTION, ETC. (IMPRINT)
-- بيروت:
-- مركز دراسات الوحدة العربية ،
Holdings
حالة التراجع حالة الفقد حالة تلف ليس للاعارة المكان المؤقت الموقع الحالى موقع الترفيف تاريخ الاكتساب اجمالي اﻻعارات رقم الطلب الباركود تاريخ اخر مشاهدة تاريخ تفعيل السعر نوع وعاء كوها
        مكتبة القاهرة الكبرى مكتبة القاهرة الكبرى ق الرئيسية_العلوم الاجتماعية_ك عربى 02/13/2022   320.956/ م ع 167370 02/13/2022 02/13/2022 كتاب

Powered By

EGPV